000 00177 a2200097 4500
020 _a9789992467138
041 _aspa
100 _aCardenal, Ernesto
245 _aApalka
942 _cBK
999 _c527
_d527